| 000 -LEADER |
| fixed length control field |
00762nam a22001337a 4500 |
| 040 ## - CATALOGING SOURCE |
| Transcribing agency |
RUA |
| 082 ## - DEWEY DECIMAL CLASSIFICATION NUMBER |
| Classification number |
AGR PRA 2015 B520 Or.1 |
| 100 ## - MAIN ENTRY--AUTHOR NAME |
| Personal name |
PRAK SOPHEAVINA; ប្រាក់ សោភាវីណា |
| 245 ## - TITLE STATEMENT |
| Title |
Compare the effects of using bt, abamectin and neem oil to control pod borer on yard long bean crop; ប្រៀបធៀបប្រសិទ្ធភាពនៃការប្រើប្រាស់ថ្នាំ BT អាបាមេទិន និងប្រេងស្ដៅក្នុងការគ្រប់គ្រងដង្កូវចោះផ្លែលើដំណាំសណ្ដែកកូរ |
| 260 ## - PUBLICATION, DISTRIBUTION, ETC. (IMPRINT) |
| Place of publication |
Phnom Penh |
| Name of publisher |
PRA |
| Year of publication |
2015 |
| 300 ## - PHYSICAL DESCRIPTION |
| Number of Pages |
x;42p. |
| Other physical details |
ill. |
| Dimensions |
29cm. |
| 856 ## - ELECTRONIC LOCATION AND ACCESS |
| Uniform Resource Identifier |
PRAK SOPHEAVINA |
| 942 ## - ADDED ENTRY ELEMENTS (KOHA) |
| Koha item type |
AGR |
| 952 ## - LOCATION AND ITEM INFORMATION (KOHA) |
| Withdrawn status [LOCAL, KOHA] |
0 |
| 952 ## - LOCATION AND ITEM INFORMATION (KOHA) |
| Withdrawn status [LOCAL, KOHA] |
0 |
| 952 ## - LOCATION AND ITEM INFORMATION (KOHA) |
| Withdrawn status [LOCAL, KOHA] |
0 |
| 952 ## - LOCATION AND ITEM INFORMATION (KOHA) |
| Withdrawn status [LOCAL, KOHA] |
0 |
| 952 ## - LOCATION AND ITEM INFORMATION (KOHA) |
| Withdrawn status [LOCAL, KOHA] |
0 |
| 952 ## - LOCATION AND ITEM INFORMATION (KOHA) |
| Withdrawn status [LOCAL, KOHA] |
0 |
| 952 ## - LOCATION AND ITEM INFORMATION (KOHA) |
| Withdrawn status [LOCAL, KOHA] |
0 |
| 952 ## - LOCATION AND ITEM INFORMATION (KOHA) |
| Withdrawn status [LOCAL, KOHA] |
0 |